Movies Quiz

Random Movies or Actor Quiz

Great Actor, Bad Review Quiz Stats

 Plays Quiz Updated Aug 15, 2015

Challenge
Share
Tweet
Embed
Score 0/27 Timer 08:00
0 Plays Today
Bad Review Movie % Correct
Tom HanksForrest Gump
90.3%
Brad PittFight Club
89.4%
Leonardo DiCaprioTitanic
82.7%
Liam NeesonTaken
81.3%
Russell CroweGladiator
77.5%
Leonardo DiCaprioInception
75.6%
Jack NicholsonThe Shining
73.3%
Tom HanksGreen Mile
71.3%
Brad PittOcean's Twelve
66.8%
Denzel WashingtonRemember the Titans
64.4%
Christian BaleAmerican Psycho
63.9%
Christian BaleThe Dark Knight Rises
63.3%
Jack NicholsonThe Departed
59.3%
Kevin SpaceyThe Usual Suspects
56.2%
Bad Review Movie % Correct
Kevin SpaceySe7en
54.7%
Russell CroweCinderella Man
50%
Denzel WashingtonThe Book of Eli
46.8%
Russell CroweLes Misérables
44.9%
Liam NeesonSchindler's List
41.9%
Leonardo DiCaprioGangs of New York
38.5%
Liam NeesonStar Wars: Episode I - The Phantom Menace
37.3%
Jack NicholsonThe Bucket List
33.5%
Tom HanksThe Terminal
30.9%
Denzel WashingtonMan on Fire
30%
Kevin SpaceyThe Life of David Gale
17%
Brad PittThe Tree of Life
15.9%
Christian BaleEquilibrium
14.3%

You're not logged in!

Compare scores with friends on all Sporcle quizzes.
OR
Log In

You Might Also Like...

Show Comments

Extras

Top Quizzes Today


Score Distribution

Your Account Isn't Verified!

In order to create a playlist on Sporcle, you need to verify the email address you used during registration. Go to your Sporcle Settings to finish the process.

Report this User

Report this user for behavior that violates our Community Guidelines.

Details: